<?xml version="1.0" encoding="UTF-8"?>
<collection xmlns="http://www.loc.gov/MARC21/slim">
<record>
  <controlfield tag="001">2589</controlfield>
  <controlfield tag="005">20160706141142.0</controlfield>
  <datafield tag="037" ind1=" " ind2=" ">
    <subfield code="a">ASTROimport-746</subfield>
  </datafield>
  <datafield tag="100" ind1=" " ind2=" ">
    <subfield code="a">Ferland, G. J.</subfield>
  </datafield>
  <datafield tag="260" ind1=" " ind2=" ">
    <subfield code="c">2007</subfield>
  </datafield>
  <datafield tag="520" ind1=" " ind2=" ">
    <subfield code="a">Infrared and radio observations reveal large reservoirs of molecular gas in optical filaments seen in cooling flows in clusters of galaxies. Recent Spitzer observations show that molecular hydrogen emission occurs over a broad range of temperatures, ranging from roughly 300 K to 2000 K. Central questions involve the history of the filaments, their total mass, and the energy sources responsible for the molecular hydrogen and low-ionization emission. Here we present numerical simulations of the effects of cosmic rays or thermalized heating upon otherwise well shielded molecular gas. We show diagnostic excitation and emission diagrams and discuss implications for the nature of the emission.</subfield>
  </datafield>
  <datafield tag="245" ind1=" " ind2=" ">
    <subfield code="a">Molecular Emission From Filaments In Cooling Flows</subfield>
  </datafield>
  <datafield tag="700" ind1=" " ind2=" ">
    <subfield code="a">Fabian, A. C.</subfield>
  </datafield>
  <datafield tag="700" ind1=" " ind2=" ">
    <subfield code="a">Hatch, N. A.</subfield>
  </datafield>
  <datafield tag="700" ind1=" " ind2=" ">
    <subfield code="a">Johnstone, R. M.</subfield>
  </datafield>
  <datafield tag="700" ind1=" " ind2=" ">
    <subfield code="a">Porter, R. L.</subfield>
  </datafield>
  <datafield tag="700" ind1=" " ind2=" ">
    <subfield code="a">van Hoof, P. A. M.</subfield>
  </datafield>
  <datafield tag="700" ind1=" " ind2=" ">
    <subfield code="a">Williams, R. J. R.</subfield>
  </datafield>
  <datafield tag="773" ind1=" " ind2=" ">
    <subfield code="c">54.08</subfield>
    <subfield code="p">Bulletin of the American Astronomical Society</subfield>
    <subfield code="v">39</subfield>
    <subfield code="y">2007</subfield>
  </datafield>
  <datafield tag="856" ind1="4" ind2="2">
    <subfield code="a">http://esoads.eso.org/abs/2007AAS...211.5408F</subfield>
  </datafield>
  <datafield tag="905" ind1=" " ind2=" ">
    <subfield code="a">published in</subfield>
  </datafield>
  <datafield tag="980" ind1=" " ind2=" ">
    <subfield code="a">NONREF</subfield>
  </datafield>
</record>
</collection>